Pays qui ont organisés les J.O. - Statistiques

Statistiques générales
  • Ce quiz a été pris 369 fois
  • Le résultat moyen est 17 sur 20
Statistiques - réponses
Année Réponse % Correct
2024 France
100%
2020 Japon
97%
1964 Japon
97%
2008 Chine
96%
2016 Brésil
95%
1996 États-Unis
94%
1984 États-Unis
94%
1972 Allemagne
93%
1992 Espagne
93%
2012 Royaume-Uni
93%
1948 Royaume-Uni
93%
2004 Grèce
86%
2000 Australie
85%
1956 Australie
85%
1960 Italie
85%
1980 Russie
85%
1976 Canada
83%
1968 Mexique
76%
1988 Corée du sud
63%
1952 Finlande
37%
Aucun quiz correspondant
Distribution des résultats
% des personnes avec chaque résultat
Percentile par nombre de réponses
Votre historique - résultats
Vous n’avez pas pris ce quiz